000 01241naa a22003617a 4500
001 BR9400721
003 BR-BrBNA
005 20240918180943.0
007 ta
008 230509b bl.||||| |||| 00| 0 por d
040 _aBR-BrBNA
_bpor
_cBiblioteca Nacional de Agricultura
041 _a(Pt)
072 _aF30; F40
_b0720
090 _aF30 BR9400721
100 1 _aOjima, M.
100 1 _aRigitano, O.
100 1 _aDall'Orto, F.A.C.
100 1 _aScaranari, H.J.
100 1 _aMartins, F.P.
111 1 _a5. Congresso Brasileiro de Fruticultura
_cPelotas, RS (Brazil)
_d7-14 Jan. 1979
245 1 _aNovas Cultivares de Ameixeira (Prunus salicina Lind 1.)pouco exigentes de frio
260 3 _aPelotas, RS (Brasil):
_c1979.
500 _aAnais do 5. Congresso Brasileiro de Fruticultura, v. 2 Pelotas, RS (Brasil): 1979. p. 708-715 (BR9400721-AM)F30
650 _aAmeixa
650 _aVariedade
650 _aSelecao
650 _aResistencia a Temperatura
650 _aMelhoramento Genetico Vegetal
650 _aSao Paulo
773 0 _tAnais do 5. Congresso Brasileiro de Fruticultura, v. 2
_wF30 BR9400721
_gPelotas, RS (Brasil), 1979. p. 708-715
909 _a202404
_bLucia
_c55
_dLucia Elande
942 _cAM
_2AGRIS
999 _c322845
_d322845